[Event "Championnat 82"]
[Site "Montauban"]
[Date "2012.02.26"]
[Round "1.8"]
[White "RIVIERE, Frédéric"]
[Black "SEMPER, Loïc"]
[Result "1-0"]
[WhiteElo "1806"]
[BlackElo "1199"]

1.e4 e5 2.Nf3 Nc6 3.Nc3 Bc5 4.Nxe5 Qf6 5.Nf3 Nh6 
    ( 5...Nd4 6.Nd5 Nxf3+ 7.Qxf3 Qxf3 8.gxf3 Bd6 9.d4 c6 10.Ne3 g6 11.e5 
    Bc7 12.Bd2 Ne7 13.O-O-O d6 14.exd6 Bxd6 15.Nc4 Bc7 16.Re1 Be6 17.Bg5 
    Nd5 18.Bh3 Kd7 19.Bxe6+ fxe6 20.Ne5+ Bxe5 21.Rxe5 Rhf8 22.Rhe1 Rae8 
    23.f4 Nf6 24.Bh6 Rf7 {0-1 Hernandez Garcia, Antonio - Uslijski, 
    Nikolay / Las Palmas op (6), Las Palmas 1996} )
6.Nb5 O-O 7.d4 a6 8.Bg5 Qg6 9.Bd3 axb5 10.dxc5 Nd4 11.h4 Nxf3+ 12.Qxf3 d6 
13.cxd6 cxd6 14.O-O f6 15.Bf4 Bg4 16.Qe3 Rad8 17.Rfe1 Bc8 18.Qb6 f5 19.
Qxb5 Rfe8 20.exf5 Nxf5 21.Bg5 Rxe1+ 22.Rxe1 Re8 23.Rxe8+ 1-0

[Event "Championnat 82"]
[Site "Montauban"]
[Date "2012.02.26"]
[Round "2.3"]
[White "BASHAEV, Sergei"]
[Black "RIVIERE, Frédéric"]
[Result "0-1"]
[WhiteElo "1920"]
[BlackElo "1806"]

1.e4 c5 2.Nf3 Nc6 3.d4 cxd4 4.Nxd4 d6 5.Bb5 Bd7 6.O-O g6 7.c3 Bg7 8.Be3 
Nf6 9.Nxc6 bxc6 10.Bd3 Ng4 
    ( 10...Ng4 11.h3 Nxe3 12.fxe3 O-O 13.Nd2 Qb6 14.Nc4 Qc5 15.h4 d5 16.b4
    Qb5 17.Ne5 Qb7 18.Nxd7 Qxd7 19.Rc1 dxe4 20.Bxe4 Qe6 21.Qf3 Rac8 22.h5 
    Qxa2 23.Bxc6 Qe6 24.Bd5 Qf6 25.Qxf6 Bxf6 26.hxg6 hxg6 27.c4 Rfd8 28.b5
    Kg7 29.Rfd1 e6 30.Bc6 Bg5 31.Kf2 Bh4+ 32.g3 Bg5 33.c5 Rh8 34.Bb7 Rc7 
    35.c6 Rh2+ 36.Kf3 Rb2 37.Rb1 Rc2 38.Rd3 f5 39.Rbd1 Rf7 40.R1d2 Rc5 41.
    Rd7 e5 42.Ke2 Rc3 43.R7d3 Rc4 44.Bc8 f4 45.Be6 fxg3 {1-0 Nguyen Xuan 
    Truong - Nguyen Bach Doanh / VIE-ch U11 (4), Ho Chi Minh City 2005} )
11.Qe2 Nxe3 12.Qxe3 O-O 13.Nd2 Qb6 14.Qxb6 axb6 15.f4 b5 16.a3 c5 17.Rab1 
Rfb8 18.f5 b4 19.axb4 cxb4 20.fxg6 hxg6 21.cxb4 Rxb4 22.b3 Rab8 23.Rf3 Be6
24.Bc2 Rc8 25.Bd1 Bc3 26.Nf1 Bd4+ 27.Kh1 Bc3 28.Rc1 Be5 29.Rxc8+ Bxc8 30.
Bc2 Bg4 31.Re3 Bf4 32.Re1 Be6 33.h3 g5 34.g3 Be5 35.Kg2 Bc3 36.Rb1 d5 37.
Kf3 Kg7 38.g4 f6 39.Ne3 dxe4+ 40.Bxe4 Rxb3 41.Nf5+ Kf8 0-1

[Event "Championnat 82"]
[Site "Montauban"]
[Date "2012.02.26"]
[Round "3.2"]
[White "RIVIERE, Frédéric"]
[Black "LACROIX, Romain"]
[Result "0-1"]
[WhiteElo "1806"]
[BlackElo "2198"]

1.c4 c6 2.Nc3 d5 3.cxd5 cxd5 4.d4 Nf6 5.Nf3 a6 6.Bf4 Nc6 7.e3 Bg4 8.Be2 e6
9.Rc1 Bd6 10.Bxd6 Qxd6 11.O-O O-O 12.Re1 
    ( 12.h3 Bxf3 13.Bxf3 Rac8 14.Qa4 Nd7 15.Be2 Nb6 16.Qc2 Ne7 17.Bd3 h6 
    18.Qb3 Rc6 19.Ne2 Rfc8 20.Rxc6 Rxc6 21.Rc1 Qc7 22.Rxc6 Nxc6 23.Nc3 Nd7
    24.a3 b5 25.Qc2 Nb6 26.Nb1 Qd6 27.Nd2 e5 28.dxe5 Nxe5 29.Be2 Nec4 30.
    Nf3 g6 31.Nd4 h5 32.h4 Nd7 33.g3 Nf6 34.Bd3 Ng4 35.Bxc4 dxc4 36.a4 
    Nxe3 37.fxe3 Qxg3+ 38.Kf1 Qxe3 39.Qf2 Qd3+ 40.Kg2 bxa4 41.Nf3 c3 42.
    bxc3 a3 43.Nd2 a2 44.Nb3 f6 45.c4 g5 46.Na1 Kf8 {0-1 Radjabov, Teimour
    (2670) - Shirov, Alexei (2713) / Leon 17th (1.6), Leon 2004} )
12...Rac8 13.h3 Bxf3 14.Bxf3 b5 15.a3 Rfd8 16.Qb3 Na5 17.Qa2 Nc4 18.Red1 
Rc7 19.g4 h6 
    ( { [Houdini 1.5a w32] 22:-0.60} 19...Nxe3 20.fxe3 Qg3+ 21.Bg2 Ne4 22.
    Rf1 Qxe3+ 23.Kh2 Nd2 24.Rfd1 Qf4+ 25.Kg1 Nf3+ 26.Bxf3 Qxf3 27.Qb1 Qg3+
    28.Kf1 Qxh3+ 29.Ke1 Qg3+ 30.Kd2 Qf4+ 31.Ke1 Qxg4 32.Qd3 Rc4 33.Rc2 
    Rdc8 34.Rf2 h5 35.Kf1 h4 36.Rg2 Qf4+ 37.Kg1 g6 38.Rf2 )
    ( { [Critter 1.4 32-bit] 22:-0.66} 19...Nxe3 20.fxe3 Qg3+ 21.Bg2 Ne4 
    22.Rf1 Qxe3+ 23.Kh2 Nd2 24.Rfd1 Qf4+ 25.Kg1 Nf3+ 26.Bxf3 Qxf3 27.Qb1 
    Qg3+ 28.Kf1 Qxh3+ 29.Ke1 Rc4 30.Qd3 Qxg4 31.Rc2 Rb8 32.b3 Rc7 33.Ne2 
    Rxc2 34.Qxc2 Qh3 35.Kd2 Qh6+ 36.Ke1 Qh3 )
20.Kg2 Rdc8 21.Qb3 Na5 22.Qa2 b4 23.axb4 Qxb4 24.Ne2 Rc2 25.Ra1 Nb3 26.Qa4
Qxa4 27.Rxa4 Rxb2 28.Rxa6 Rcc2 29.Rb6 Ne4 30.Rd3 
    ( { [Critter 1.4 32-bit] 25:-0.31} 30.Bxe4 dxe4 31.Rb8+ Kh7 32.Re1 g5 
    33.Rb7 Kg7 34.Rb6 Kf8 35.Rb8+ Ke7 36.Rb6 f5 37.Rb7+ Kf6 38.Kg3 Rd2 39.
    Rb4 Ke7 40.Rb7+ Kd6 41.Rb6+ Kc7 42.Rb4 Rdc2 43.Rb5 Kd7 44.Rb6 Ke7 45.
    d5 f4+ 46.exf4 exd5 47.f5 Nc5 48.Rxb2 Rxb2 49.Nc3 Rd2 )
30...Nc1 31.Rxb2 Rxb2 32.Bxe4 dxe4 33.Nxc1 exd3 34.Nxd3 Ra2 
    {En Zeitnot Mutuel, Romain à pris m'avantage en finale et finit par 
    s'imposer.}
    ( { [Houdini 1.5a w32] 26:-0.91} 34...Ra2 35.h4 Kf8 36.Kf3 Ke7 37.Nb4 
    Rb2 38.Nd3 Rd2 39.Nc5 Ra2 40.Kg3 Rc2 41.Nd3 f6 42.h5 Kd6 43.Kf3 f5 44.
    gxf5 exf5 45.Ne5 Kd5 46.Ng6 Rd2 47.Nf4+ Kd6 48.Ng6 Rc2 49.Nf4 Rd2 50.
    Ng6 )
0-1

[Event "Championnat 82"]
[Site "Montauban"]
[Date "2012.02.26"]
[Round "2.2"]
[White "GELFERT, Yann"]
[Black "R., Eric"]
[Result "1-0"]
[WhiteElo "1891"]
[BlackElo "2032"]

1.e4 Nf6 2.Nc3 e5 3.Nf3 d6 4.h3 Be7 5.d4 exd4 6.Nxd4 O-O 7.Be3 Nc6 8.Be2 
Re8 9.g4 
    ( 9.O-O h6 10.Qd2 Bf8 11.Nxc6 bxc6 12.Bf3 Nd7 13.Rfe1 Qh4 14.Be2 g5 
    15.Bg4 Ne5 16.f3 Nc4 17.Qd3 Nxe3 18.Rxe3 h5 19.Bxc8 Raxc8 20.Ne2 Bg7 
    21.Rf1 Re6 22.Rf2 Rg6 23.Nd4 Bxd4 24.Qxd4 c5 25.Qc3 Re8 26.Rfe2 Re5 
    27.Qe1 Qf4 28.g3 Qf6 29.c4 Re7 30.Qc3 Re5 31.g4 Rh6 32.Rh2 Qf4 33.Ree2
    {1/2-1/2 Lykov, Vasili - Osipov, Vladimir / RUS-Cup10 (2), Tomsk 1997}
    )
9...Bf8 10.f3 Nd7 11.Qd2 Nxd4 12.Bxd4 c6 13.O-O-O b5 14.h4 b4 15.Na4 c5 
16.Bxc5 dxc5 17.Bb5 Qa5 18.Bc6 Rb8 19.Qf4 Qa6 20.Bxd7 Bxd7 21.Rxd7 Qe6 22.
Rd5 Qc6 23.b3 c4 24.Rhd1 cxb3 25.axb3 Rbc8 26.R1d2 Qe6 27.Qf5 Qh6 28.Rd7 
Qf6 29.Qxf6 gxf6 30.Kd1 a5 31.Ra7 Ra8 32.Rxa8 Rxa8 33.Rd5 Ra6 34.Kd2 Bd6 
35.h5 Bf4+ 36.Kd3 Be5 37.Nc5 Rc6 38.Kc4 Rc8 39.Kb5 Bc3 40.Nb7 Be1 41.Rd8+ 
Rxd8 42.Nxd8 Kg7 43.Kc6 Bf2 44.Kd7 Kf8 45.Nc6 Bb6 46.Kd6 Ke8 47.e5 fxe5 
48.Nxe5 Bd4 49.Nc4 Bf2 50.Nxa5 Be1 51.Nc6 Kf8 52.Kd5 Ke8 53.Kc4 1-0

[Event "Championnat 82"]
[Site "Montauban"]
[Date "2012.02.26"]
[Round "2.4"]
[White "CATALA, Laurent"]
[Black "ROQUES, Olivier"]
[Result "0-1"]
[WhiteElo "1859"]
[BlackElo "1904"]

1.e4 c5 2.Nf3 d6 3.d4 cxd4 4.Nxd4 Nf6 5.Nc3 a6 6.Be2 e6 7.Be3 Be7 8.O-O 
O-O 9.a4 Nc6 10.Nxc6 bxc6 11.a5 c5 12.f3 Rb8 13.b3 
    ( 13.Na4 Qxa5 14.b3 Qc7 15.Nb2 d5 16.exd5 Nxd5 17.Bf2 Bd6 18.g3 Be5 
    19.Na4 Bxa1 20.Qxa1 Rd8 21.Nxc5 a5 22.c4 Nb4 23.Qc3 e5 24.Ra1 Bf5 25.
    Bf1 h5 26.Re1 Re8 27.Ne4 Rbd8 28.c5 Bxe4 29.fxe4 Qd7 30.Bc4 Re7 31.Ra1
    Qg4 32.Rxa5 Rd1+ 33.Kg2 h4 34.h3 Qxe4+ 35.Qf3 Qxf3+ 36.Kxf3 e4+ 37.Ke2
    Red7 38.Ke3 R7d4 39.Kf4 Nd3+ 40.Bxd3 e3+ 41.Kxe3 R4xd3+ 42.Ke2 R1d2+ 
    43.Ke1 hxg3 44.Bxg3 Rc2 45.Bd6 Rxh3 46.Kd1 Rg2 47.Ra8+ Kh7 48.Re8 Rxb3
    49.Kc1 Rh3 50.Re1 g5 51.Kb1 Rb3+ 52.Ka1 Rg4 53.Ka2 Rb7 54.Ka3 Rc4 55.
    Re8 {0-1 Nykopp, Jan Michael F (2260) - Plaskett, Jim (2405) / 
    Politiken Cup 03rd (1), Copenhagen 1981} )
13...Qc7 14.Kh1 Rd8 15.f4 d5 16.e5 d4 17.exf6 gxf6 18.Bd3 f5 19.Bd2 dxc3 
20.Bxc3 f6 21.Qe2 Rd6 22.Rf3 Bb7 23.Rg3+ Kh8 24.Bc4 Be4 25.Qf2? += 
    ( { [Houdini 1.5a w32] 20:+2.29} 25.Bxa6 Qd8 26.Bc4 Rb7 27.Re3 Ra7 28.
    Kg1 Qd7 29.a6 Qd8 30.Rxe4 fxe4 31.Qxe4 Qf8 32.Re1 Bd8 33.Re3 Raxa6 34.
    Bxa6 Rxa6 35.Qc4 Ra2 36.Be1 e5 37.fxe5 fxe5 38.Rxe5 )
25...Rbd8 26.Rf1 Rf8 27.Rh3 Rg8 28.Rg1 Qb7 29.Rh6?? 
    ( { [Houdini 1.5a w32] 21:+0.45} 29.Be2 Rg6 30.Bf3 Bxf3 31.Rxf3 Qc8 
    32.Re1 Qc6 33.Rfe3 Kg7 34.b4 c4 35.R3e2 Qd7 36.Qc5 Rc6 37.Qe3 Rd6 38.
    Qf3 Kg8 39.Bb2 Bf8 40.h3 )
29...Bxg2+ 30.Rxg2 Rd1+ 31.Bf1 Rxg2 
    ( { [Houdini 1.5a w32] 42:M5} 31...Rxg2 32.Rxh7+ Kxh7 33.Qh4+ Kg8 34.
    Qh8+ Kxh8 35.Be1 Rxe1 36.c4 Rxf1# )
0-1

[Event "Championnat 82"]
[Site "Montauban"]
[Date "2012.02.26"]
[Round "2.1"]
[White "LACROIX, Romain"]
[Black "GREZELS, Florian"]
[Result "1/2-1/2"]
[WhiteElo "2198"]
[BlackElo "1865"]

1.e4 d6 2.d4 Nf6 3.Nc3 Nbd7 4.Nf3 e5 5.Bc4 Be7 6.O-O O-O 7.Re1 c6 8.a4 a5 
9.h3 Qc7 10.Ba2 h6 11.Nh4 Re8 12.Nf5 Nf8 13.dxe5 dxe5 14.Qf3 Be6 
    ( 14...Ng6 15.Qg3 Bxf5 16.exf5 Nf4 17.Bxf4 exf4 18.Qf3 Bb4 19.Bc4 Re5 
    20.Rxe5 Qxe5 21.Bd3 Re8 22.Rb1 Re7 23.Ne2 Bd6 24.Kf1 Nh7 25.h4 Nf6 26.
    h5 Nh7 27.Ng1 Ng5 28.Qg4 Nh7 29.Qf3 Qd4 30.b3 Ng5 31.Qg4 Bc5 32.Qh4 
    Ne4 33.Bxe4 Qxe4 34.Rc1 Qxf5 35.Qh3 Qf6 36.Qf3 Qe5 37.Rd1 Bb4 38.Ne2 
    Bd6 39.c3 Bc7 40.Nd4 Bb6 41.Ne2 Bc7 42.Nd4 Qg5 43.Qh3 Re8 44.Qf3 Qh4 
    45.Kg1 Bb6 46.Ne2 Bc7 47.Nd4 Qg5 48.Qh3 Rd8 49.Re1 Bb6 50.Nf5 Kh7 51.
    Ne7 Re8 {0-1 Ilic, Slobodan (2166) - Djosic, Slavoljub (2280) / SRB 
    Central-ch (1), Vrnjacka Banja 2007} )
15.Bxe6 Nxe6 16.Ne2 h5 17.g4 hxg4 18.hxg4 Nh7 19.Kg2 Nhg5 20.Bxg5 Nxg5 21.
Qe3 g6 22.Nxe7+ Qxe7 23.Rh1 Kg7 24.f3 Rh8 25.Qc3 f6 26.Rxh8 Kxh8 27.Rh1+ 
Kg7 28.Nc1 Qc7 29.Nd3 b6 30.Qc4 Rd8 31.Qc3 Ne6 
    {Arrivé en Zeitnot, les coups suivants n'ont pas été notés... en 
    finale, Florian maintient l'équilibre et annule sa partie... belle 
    performance !}
1/2-1/2

[Event "Championnat 82"]
[Site "Montauban"]
[Date "2012.02.26"]
[Round "2.7"]
[White "L'HOUSNI, Lucas"]
[Black "FOL, Jean-Baptiste"]
[Result "1-0"]
[WhiteElo "1270"]
[BlackElo "1499"]

1.e4 e5 2.Nf3 Nc6 3.Bb5 Nf6 4.Nc3 Bd6 5.Bxc6 bxc6 6.O-O O-O 7.d3 h6 8.d4 
exd4 9.Nxd4 Be5 10.Be3 c5 11.Nf5 d6 12.Qd2 Bxc3 13.Qxc3 Nxe4 14.Qxg7# 1-0

[Event "Championnat 82"]
[Site "Montauban"]
[Date "2012.02.26"]
[Round "3.1"]
[White "ROQUES, Olivier"]
[Black "GELFERT, Yann"]
[Result "1/2-1/2"]
[WhiteElo "1904"]
[BlackElo "1891"]

1.c4 Nf6 2.Nc3 g6 3.g3 Bg7 4.Bg2 e5 5.Nf3 d6 6.O-O O-O 7.d3 c6 8.Rb1 Qc7 
9.b4 Be6 
    ( 9...Be6 10.Ng5 Bf5 11.a4 h6 12.Nge4 Nxe4 13.Bxe4 Bh3 14.Bg2 Bxg2 15.
    Kxg2 f5 16.Qb3 Kh7 17.b5 Nd7 18.Ba3 Rab8 19.a5 b6 20.a6 c5 21.Nd5 Qd8 
    22.f3 Nf6 23.Nxf6+ Qxf6 24.Bc1 f4 25.Bd2 h5 26.Rh1 Rbe8 27.Rhf1 Bh6 {
    1/2-1/2 Sorokina, Viktoria (2201) - Dolzhikova, Kateryna (2148) / 
    UKR-ch U20 Girls sf (6), Kiev 2002} )
10.Nd2 d5 11.b5 Nbd7 12.Ba3 Rfe8 13.Qc1 Rac8 14.c5 b6 15.bxc6 Qxc6 16.Nb5 
Ra8 17.cxb6 Qxc1 18.Bxc1 axb6 19.Nc7 Rxa2 20.Nxe8 Nxe8 21.Re1 Rc2 22.Rb2 
Rc8 23.Rb1 Rc2 24.Nf3 e4 25.Ng5 Bc3 26.Rf1 Bg4 27.f3 exf3 28.exf3 Bf5 29.
Be3 Re2 30.Bf2 Bxd3 31.Rb3 d4 32.Rc1 Rc2 33.Rxc2 Bxc2 34.Ra3 Nef6 35.Bf1 
h6 36.Nh3 g5 37.Kg2 Nd5 38.Ng1 d3 1/2-1/2

[Event "Championnat 82"]
[Site "Montauban"]
[Date "2012.02.26"]
[Round "1.4"]
[White "ROQUES, Olivier"]
[Black "PAGES, Philippe"]
[Result "1-0"]
[WhiteElo "1904"]
[BlackElo "1499"]

1.c4 e5 2.Nc3 Nf6 3.Nf3 Nc6 4.g3 Bd6 5.Bg2 O-O 6.O-O b6 
    ( 6...Re8 7.d3 Bc5 8.Bg5 h6 9.Bxf6 Qxf6 10.Nd2 Qd8 11.Nde4 Be7 12.a3 
    d6 13.b4 f5 14.Nd2 a6 15.Nb3 Bf6 16.Rc1 Bg5 17.b5 Nd4 18.e3 Nxb3 19.
    Qxb3 Be6 20.Bxb7 Ra7 21.bxa6 Bc8 22.Rb1 c5 23.Qb6 Qxb6 24.Rxb6 Bd7 25.
    Nb5 Bd8 26.Rxd6 Bxb5 27.cxb5 Bc7 28.Rc6 Bd8 29.b6 Bxb6 30.Rxb6 Rb8 31.
    Rc1 Rxa6 32.Rxa6 Rxb7 {1-0 Veltman, Jelmer - Van Eerd, Marieke / 
    Hengelo U16 op (2), Hengelo 2001} )
7.d4 e4 8.Ng5 Bb4 9.Ncxe4 d5 10.cxd5 Nxd5 11.Nc3 Bxc3 12.bxc3 Nxc3 13.Qd3 
f5 14.Bxc6 Nd5 15.Bxa8 f4 16.Qxh7# 1-0

[Event "Championnat 82"]
[Site "Montauban"]
[Date "2012.02.26"]
[Round "2.5"]
[White "PALOS, Jean-Luc"]
[Black "TABONE, Yves"]
[Result "0-1"]
[WhiteElo "1350"]
[BlackElo "1730"]

1.f4 d5 2.Nf3 Nc6 3.e3 Bg4 4.Bb5 Qd6 5.Bxc6+ 
    ( 5.O-O a6 6.Be2 Nf6 7.d4 Ne4 8.c4 e6 9.Nc3 Rd8 10.c5 Qd7 11.Nxe4 dxe4
    12.Ne5 Bxe2 13.Qxe2 Qd5 14.Bd2 f6 15.Nxc6 Qxc6 16.b4 Be7 17.Rfc1 O-O 
    18.a4 Ra8 19.Qc4 Qd5 20.Qxd5 exd5 21.f5 c6 22.Be1 g6 23.Bg3 Kf7 24.Rf1
    g5 25.b5 axb5 26.axb5 cxb5 27.Rab1 Ra5 28.Bc7 Ra3 29.Rxb5 Rxe3 30.Rxb7
    Rc3 31.Bd6 Re8 32.Ra1 e3 33.Kf1 Kf8 34.Rxe7 Rxe7 35.Ke2 Rc2+ 36.Kd3 
    Rd2+ 37.Kc3 Kf7 38.Bxe7 Kxe7 39.Re1 Rxg2 40.Rxe3+ Kd7 41.Re6 Rxh2 42.
    Rxf6 g4 43.Rd6+ Kc7 44.Rxd5 Rh5 45.Re5 Kd7 46.Re4 Rg5 47.f6 h5 48.Re7+
    Kd8 49.c6 g3 50.c7+ Kc8 51.f7 {1-0 Larsen, Bent - Van Geet, Dirk 
    Daniel / IBM (4), Amsterdam 1964} )
5...Qxc6 6.Ne5 Bxd1 7.Nxc6 Bxc2 8.Nd4 Bd3 9.Nc3 e6 10.Nd1 Nf6 11.Nf2 Ba6 
12.a3 c5 13.Nf3 Be7 14.b3 O-O 15.Bb2 Rac8 16.d3 c4 17.bxc4 dxc4 18.Kd2 
cxd3 19.Rhc1 Rfd8 0-1

[Event "Championnat 82"]
[Site "Montauban"]
[Date "2012.02.26"]
[Round "1"]
[White "VIGNON, Tanguy"]
[Black "PALOS, Jean-Luc"]
[Result "0-1"]
[WhiteElo "1009"]
[BlackElo "1350"]

1.e4 e5 2.Nf3 Nc6 3.Nc3 Nf6 4.Bc4 h6 5.O-O Be7 6.d3 O-O 7.Be3 d6 8.Qd2 Kh7
9.d4 
    ( 9.d4 exd4 10.Bxh6 dxc3 11.bxc3 gxh6 12.e5 Nxe5 13.Bd3+ Nxd3 14.Qxd3+
    Kg7 15.Rae1 Bg4 16.Nh4 Nh7 17.Re6 Bxe6 18.Re1 Bxh4 19.Re3 Qg5 20.f4 
    Qf5 21.g3 Qxd3 22.Rxd3 Bf6 23.h3 Bxh3 24.Kh2 Bf5 25.Rd5 Bxc2 26.g4 
    Rfe8 27.Kg3 Re2 28.g5 hxg5 29.fxg5 Nxg5 30.Kg4 Kg6 31.Kf4 Rae8 32.
    Rxg5+ Bxg5+ 33.Kf3 R8e3+ 34.Kg4 Bf5# {0-1 Loncar, Dajana - Busljeta, 
    Lucija / CRO-ch U14 Girls (2.4), Sibenik 2008} )
9...Bg4 10.Nxe5 dxe5 11.dxe5 Nxe5 12.Bd4 Nxc4 13.Qd3 Be6 14.e5+ Kh8 15.
Rfe1 Nd7 16.f4 Nc5 17.Qe2 Qxd4+ 18.Qe3 Qxe3+ 19.Rxe3 Nxe3 20.Re1 Nxc2 0-1

[Event "Championnat 82"]
[Site "Castelsarrasin"]
[Date "2012.03.04"]
[Round "4.1"]
[White "LACROIX, Romain"]
[Black "ROQUES, Olivier"]
[Result "0-1"]
[WhiteElo "2220"]
[BlackElo "1898"]

1.e4 c5 2.Nf3 d6 3.d4 cxd4 4.Nxd4 Nf6 5.Nc3 a6 6.Be3 e6 7.f3 Nbd7 8.Qd2 b5
9.O-O-O 
    ( 9.O-O-O Bb7 10.g4 Nb6 11.Qf2 Nfd7 12.Bd3 Rc8 13.Nce2 Be7 14.h4 O-O 
    15.Kb1 Na4 16.g5 Ndc5 17.Ng3 Qc7 18.Nb3 d5 19.e5 Qxe5 20.Bd4 Qc7 21.f4
    Ne4 22.Bxe4 dxe4 23.Rhe1 Bd6 24.Nh5 e5 25.c3 f6 26.gxf6 exd4 27.Nxd4 
    g6 28.f5 gxh5 29.Ne6 Nxc3+ 30.bxc3 Qxc3 31.Rxd6 Qb4+ 32.Ka1 Qc3+ 33.
    Kb1 Qb4+ 34.Ka1 Qc3+ 35.Kb1 {1/2-1/2 Polgar, Ju (2676) - Kasparov, G 
    (2849) / SuperGM (7), Linares ESP 2001} )
9...h6 10.g4 b4 11.Nce2 Ne5 12.Qxb4 Bd7 13.Qe1 Rb8 14.Nc3 Qc8 15.Be2 Nc4 
16.Bxc4 Qxc4 17.Qe2 Qb4 18.Nb3 a5 19.a3 Qb7 20.a4 Bc6 21.Rd4 e5 22.Rdd1 
Be7 23.h4 Qb4 24.Qa6 Bxa4 25.Nxa4 Qxa4 26.Qxa5 Qc6 27.Qc3 Qa6 28.g5 Nh5 
29.Rhg1 g6 30.Rd5 O-O 31.Kd2 Rfc8 32.Qd3 Qa2 33.gxh6 Qxb2 34.Bg5 Bxg5+ 35.
Rxg5 Nf4 36.Rxd6 Nxd3 0-1

[Event "Championnat 82"]
[Site "Castelsarrasin"]
[Date "2012.03.04"]
[Round "4.2"]
[White "GELFERT, Yann"]
[Black "GREZELS, Florian"]
[Result "0-1"]
[WhiteElo "1888"]
[BlackElo "1859"]

1.e4 d6 2.d4 Nf6 3.Nc3 Nbd7 4.Nf3 e5 5.Be2 Be7 6.O-O O-O 7.Re1 c6 8.Rb1 
    ( 8.a4 a5 9.b3 Re8 10.Bf1 Qc7 11.Ba3 Nf8 12.h3 Ng6 13.Qd2 h6 14.Rad1 
    Bd7 15.d5 c5 16.Nb5 Qc8 17.Qc3 Nf4 18.Nd2 Qd8 19.Bc1 N6h5 20.Qf3 g6 
    21.Nc4 f5 22.Nbxd6 Rf8 23.exf5 Bxd6 24.Nxd6 Qf6 25.Ne4 Qxf5 26.Kh2 Ng7
    27.Nxc5 Qxc2 28.Nxd7 Nxg2 29.Nxf8 Nxe1 30.Qe2 Rxf8 31.Qxe1 Rxf2+ 32.
    Kg1 Rf3 33.d6 Qxb3 34.d7 Qb6+ 35.Kh1 Rf8 36.Qxe5 Rd8 37.Bb2 Qc6+ 38.
    Bg2 {1-0 Munguntuul, Batkhuyag (2434) - Kharashuta, Ekaterina (2270) /
    12th TCh-RUS women (4), Olginka RUS 2011} )
8...Qc7 9.a3 Re8 10.h3 Nf8 11.Qd3 Ng6 12.Bf1 Nh5 13.Ne2 Bf8 14.c3 f5 15.
Qc4+ Kh8 16.dxe5 Nxe5 17.Nxe5 Rxe5 18.exf5 Bxf5 19.Ra1 d5 20.Qh4 Be4 21.f4
Be7 22.Qf2 Re6 23.g4 Rg6 24.f5 Rf8 25.Nf4 Nxf4 26.Bxf4 Bd6 27.Bxd6 Qxd6 
28.Bg2 Bxg2 29.Kxg2 a6 30.Re2 Rgf6 31.Qg3 Qc5 32.Qe5 R6f7 33.Rf1 h6 34.h4 
Qc4 35.Rf4 Qd3 36.Ref2 Qd1 37.g5 Qh5 
    {fin de la partie non notée. Yann perd au temps !}
0-1

[Event "Championnat 82"]
[Site "Castelsarrasin"]
[Date "2012.03.04"]
[Round "4.3"]
[White "RIVIERE, Frédéric"]
[Black "R., Eric"]
[Result "0-1"]
[WhiteElo "1806"]
[BlackElo "2032"]

1.e4 Nf6 2.e5 Nd5 3.d4 d6 4.c4 Nb6 5.Nf3 g6 6.Nc3 Bg7 7.Bf4 O-O 
    ( 7...Nc6 8.c5 dxc5 9.dxc5 Nd7 10.Bb5 O-O 11.Bxc6 bxc6 12.Qd4 g5 13.
    Bxg5 Nxe5 14.O-O-O Qxd4 15.Nxd4 Ba6 16.Be3 Rfd8 17.Nf5 Nd3+ 18.Kb1 Bf6
    19.Ne4 Bxb2 20.Nxe7+ Kf8 21.Nxc6 Bg7 22.Nd2 Rd5 23.Nb3 Bb5 24.Ncd4 Bc4
    25.Kc2 Ne5 26.h3 a5 27.f4 Nd7 28.c6 Nb6 29.Nf3 a4 30.Nc5 Bxa2 31.Ne5 
    Rad8 32.Rxd5 Bxd5 33.Ncd7+ Nxd7 34.Nxd7+ Kg8 35.Ne5 Be4+ 36.Kc1 a3 37.
    Rd1 Rxd1+ 38.Kxd1 f6 39.Nc4 a2 40.Bd4 Bd5 {0-1 Palacios de la Prida, 
    Ernesto - Timman, Jan H / Malaga (9), Malaga 1971} )
8.Be2 Nc6 9.exd6 cxd6 10.O-O Bg4 11.Be3 Bxf3 12.Bxf3 Nxc4 13.Bg5 h6 14.Bh4
g5 15.Bg3 Nxd4 16.Bxb7 Rb8 17.Ba6 Nxb2 18.Qd2 Qa5 19.Bd3 Nxd3 20.Qxd3 Qxc3
0-1

[Event "Championnat 82"]
[Site "Castelsarrasin"]
[Date "2012.03.04"]
[Round "4.4"]
[White "CATALA, Laurent"]
[Black "TABONE, Yves"]
[Result "0-1"]
[WhiteElo "1852"]
[BlackElo "1730"]

1.e4 e5 2.Nf3 Nc6 3.Bc4 Bc5 4.c3 Nf6 5.d3 h6 6.b4 Bd6 
    ( 6...Bb6 7.a4 a6 8.O-O d5 9.exd5 Nxd5 10.Re1 Bg4 11.h3 Bxf3 12.Qxf3 
    Nf6 13.Nd2 O-O 14.Ba3 Re8 15.Ne4 Rc8 16.Rad1 Nb8 17.Bc1 Nbd7 18.Ng3 c6
    19.Nf5 Qc7 20.Bxh6 g6 21.Qg3 Nd5 22.Bd2 e4 23.Qxc7 Rxc7 24.Ne3 N5f6 
    25.d4 Ba7 26.a5 Rcc8 27.Bf1 Kg7 28.g3 Rh8 29.Bg2 Nh7 30.Nc2 Ndf6 31.c4
    Rcd8 32.Bc3 Ng5 33.h4 Ngh7 34.Rd2 Nf8 35.Ne3 Rd7 36.d5 {1-0 Kasparov, 
    Gary (2800) - Gonzalez Larranaga, Y. / Galicia simul (?), Galicia 1991
    } )
7.O-O Ne7 8.Qb3 O-O 9.Na3 Ng6 10.h3 Be7 11.Nh2 c5 12.Qd1 d5 13.exd5 Nxd5 
14.Bb3 Bd7 15.Nc2 Bc6 16.a4 a6 17.Ne3 Qd7 18.Nhg4 Nf6 19.Nxf6+ Bxf6 20.Ng4
Be7 21.Bd2 Kh8 22.Nxh6 gxh6 23.Bxh6 Qf5 24.Bxf8 Rxf8 25.d4 cxd4 
    {Partie incompréhensible....}
0-1

[Event "Championnat 82"]
[Site "Castelsarrasin"]
[Date "2012.03.04"]
[Round "5.1"]
[White "ROQUES, Olivier"]
[Black "GREZELS, Florian"]
[Result "0-1"]
[WhiteElo "1898"]
[BlackElo "1859"]

1.c4 c6 2.Nf3 Nf6 3.Nc3 d5 4.e3 e6 5.Be2 Be7 
    ( 5...Nbd7 6.Qc2 Bd6 7.b3 O-O 8.Bb2 e5 9.d3 Re8 10.a3 Nf8 11.b4 Ng6 
    12.cxd5 cxd5 13.Nb5 Bb8 14.Rc1 e4 15.Nfd4 exd3 16.Bxd3 Nf4 17.Bf1 Ne6 
    18.Nxe6 Bxe6 19.Bd3 Re7 20.Bxf6 gxf6 21.Bxh7+ Kg7 22.Nd4 Be5 23.Nxe6+ 
    Rxe6 24.Bf5 Rc6 25.Qd2 Rxc1+ 26.Qxc1 d4 27.O-O dxe3 28.Qxe3 Qd6 29.g3 
    Qd4 30.Qf3 Rd8 {1-0 Piorun, Kacper (2520) - Dolgova, Olga (2206) / 
    European Rapid 2011 (3), Warsaw POL 2011} )
6.O-O O-O 7.b3 Nbd7 8.Bb2 b6 9.Rc1 Bb7 10.Qc2 Rc8 11.Qb1 Nc5 12.Rfd1 Nce4 
13.Qa1 Nc5 14.d4 Nce4 15.Nd2 Nxc3 16.Bxc3 Qd7 17.Bd3 Rfd8 18.Nf3 Qe8 19.
Re1 Qf8 20.Nd2 Bb4 21.Nf3 Bxc3 22.Qxc3 c5 23.Qb2 Qd6 24.Qe2 dxc4 25.Bxc4 
Bxf3 26.Qxf3 cxd4 27.Red1 d3 28.a4 e5 29.Qb7 Rc7 30.Qf3 e4 31.Qf5 0-1

[Event "Championnat 82"]
[Site "Castelsarrasin"]
[Date "2012.03.04"]
[Round "5.3"]
[White "GELFERT, Yann"]
[Black "LACROIX, Romain"]
[Result "0-1"]
[WhiteElo "1888"]
[BlackElo "2220"]

1.e4 e5 2.f4 exf4 3.Nf3 g5 4.Bc4 Bg7 5.d4 d6 6.h4 h6 7.hxg5 hxg5 8.Rxh8 
Bxh8 9.g3 
    ( 9.Qd3 g4 10.e5 Bg7 11.Qh7 Kf8 12.Nh4 Nh6 13.g3 dxe5 14.dxe5 Qxh4 15.
    gxh4 Bf5 16.Qxg7+ Kxg7 17.Bxf4 Nc6 18.Nd2 Re8 19.Bb5 f6 20.Nc4 fxe5 
    21.Bxc6 bxc6 22.Bxe5+ Kg6 23.O-O-O Nf7 24.Bg3 Re2 25.Rd2 Re4 26.b3 Be6
    27.Na5 Ne5 28.Bxe5 Rxe5 29.Nxc6 Re1+ 30.Rd1 Re3 31.Nxa7 g3 32.Nc6 g2 
    33.Kd2 Re4 34.Rg1 Bh3 35.a4 Rf4 36.Ke3 Rf1 37.Ne5+ Kh5 38.Nf3 Bg4 39.
    Rxg2 Rxf3+ 40.Kd4 Rf5 41.b4 Kxh4 42.c4 Rf4+ 43.Kc5 Be6 44.Rc2 Bd7 45.
    b5 Kg5 46.a5 Rf5+ 47.Kb4 Kf6 48.a6 Rf1 49.Ra2 Bc8 50.Kc5 Rc1 51.Ra4 
    Ke7 52.Kc6 Bd7+ 53.Kb7 Kd6 54.a7 {1-0 Mieses, Jacques - Schlechter, 
    Carl / Vienna Gambit (?), Vienna 1903} )
9...g4 10.Bxf4 gxf3 11.Qxf3 Nf6 12.e5 dxe5 13.dxe5 Bg4 14.Qxb7 Qd1+ 15.Kf2
Qd4+ 16.Kg2 Qxc4 17.Qxa8 Qe2+ 18.Kg1 Qe1+ 19.Kg2 Nd7 20.Qxa7 Qe2+ 21.Qf2 
Bf3+ 22.Kg1 Qd1+ 23.Qf1 Qd4+ 24.Qf2 Qxb2 25.Qxf3 Qxa1 26.Qb3 Qd4+ 27.Kg2 
Bxe5 28.Bxe5 Qxe5 29.Nc3 Nc6 30.Qc4 Qc5 31.Qe4+ Nde5 32.Nd5 Qd6 33.c4 Ne7 
34.g4 Nxd5 35.cxd5 Qf6 36.a4 Qg5 37.Kg3 f6 38.a5 0-1

[Event "Championnat 82"]
[Site "Castelsarrasin"]
[Date "2012.03.04"]
[Round "6.4"]
[White "TABONE, Yves"]
[Black "GELFERT, Yann"]
[Result "1/2-1/2"]
[WhiteElo "1730"]
[BlackElo "1888"]

1.e4 d6 2.d4 Nf6 3.Nc3 g6 4.Nf3 Bg7 5.Bc4 O-O 6.O-O c6 7.Qe2 b5 8.Bd3 
    ( 8.Bd3 Bg4 9.Re1 Nfd7 10.Be3 b4 11.Nd1 e5 12.c3 bxc3 13.bxc3 exd4 14.
    cxd4 c5 15.e5 Nc6 16.Be4 Rc8 17.Bxc6 Rxc6 18.Rc1 dxe5 19.dxc5 e4 20.
    Qb5 exf3 21.Qxc6 Ne5 22.Qd6 fxg2 23.Qxd8 Rxd8 24.Kxg2 Nd3 25.Kg3 Bh5 
    26.c6 Nxe1 27.Bf4 Nd3 28.c7 Rc8 29.Rb1 Nxf4 30.Rb8 Ne2+ 31.Kh3 Ng1+ 
    32.Kg2 Bg4 33.Ne3 Bh3+ {0-1 Szekely, Mihaly - Portisch, Lajos / HUN-ch
    (?), ? 1968} )
8...Qb6 9.Be3 Ng4 10.h3 Nxe3 11.Qxe3 a6 12.Rad1 Nd7 13.Be2 Bb7 14.Rd3 a5 
15.Qg5 c5 16.Qxe7 cxd4 17.Qxd7 dxc3 18.Rxd6 Qd8 19.bxc3 Qxd7 20.Rxd7 Bxe4 
21.Bxb5 Bxc3 22.Bd3 Bc6 23.Rc7 Rac8 24.Rxc8 Rxc8 25.Rb1 Bd5 26.a4 Be6 27.
Ng5 Bd5 28.Nf3 h6 29.Rb6 Kg7 30.Rd6 Ba2 31.Rd7 Be6 32.Rb7 Rc5 33.Kh2 Rc6 
34.Ng1 g5 35.Ne2 Be5+ 36.g3 Bc8 37.Rb5 Bc7 38.Nd4 Rc3 39.Nf5+ Kf6 40.Nxh6 
Bd7 41.Ng4+ Bxg4 42.hxg4 Ra3 43.Rc5 Bd8 44.Bb5 Be7 45.Rc6+ Kg7 46.Ra6 Bb4 
47.Ra7 Rf3 48.Kg2 Rf6 49.Rd7 Kf8 50.c4 1/2-1/2